Countries with most mosques - Statistics

General Stats
  • This quiz has been taken 76 times
  • The average score is 9 of 10
Answer Stats
# Country % Correct
70.000 Iran
97%
800.000 Indonesia
96%
250.000 Saudi Arabia
96%
82.500 Turkey
94%
105.000 Pakistan
93%
105.000 Egypt
91%
350.000 India
88%
51.000 Morocco
87%
325.000 Bangladesh
81%
75.000 Nigeria
76%
No matching quizzes found
Score Distribution
Percent of People with Each Score
Percentile by Number Answered
Your Score History
You have not taken this quiz